| 000 | 00835naa a22002537a 4500 | ||
|---|---|---|---|
| 001 | BR9604628 | ||
| 003 | BR-BrBNA | ||
| 005 | 20250721155538.0 | ||
| 007 | ta | ||
| 008 | 250630b bl.|||m| |||| 00| 0 por d | ||
| 040 |
_aBR-BrBNA _bpor _cBiblioteca Nacional de Agricultura |
||
| 041 | _a(Pt) | ||
| 072 |
_aF04 _b0120 |
||
| 090 | _aF04 BR9604628 | ||
| 100 | 1 | _aSalton, J.C. | |
| 245 | 1 | _aAspectos de manejo do solo relacionados a safrinha de milho | |
| 500 | _aSafrinha de milho Maracaju, MS (Brasil): 1994. p. 1-23 [5 tables; 9 illus.; 11 ref.] (BR9604628-AMS) | ||
| 650 | _aMilho | ||
| 650 | _aFertilidade do Solo | ||
| 650 | _aAdubacao | ||
| 490 |
_aInformativo Tecnico - Fundacao MS para Pesquisa e Difusao de Tecnologias Agropecuarias (Brazil) _vno. 1 |
||
| 942 |
_cAMS _2AGRIS |
||
| 909 |
_a202506 _bLúcia _c55 _dLúcia Elande |
||
| 999 |
_c337145 _d337145 |
||